Russian National Income, 1885-1913 / (Record no. 616735)

MARC details
000 -LEADER
fixed length control field 00531nam a2200169Ia 4500
008 - FIXED-LENGTH DATA ELEMENTS--GENERAL INFORMATION
fixed length control field 260302s9999 xx 000 0 und d
020 ## - INTERNATIONAL STANDARD BOOK NUMBER
ISBN 9780521528481
082 ## - DEWEY DECIMAL CLASSIFICATION NUMBER
Classification number 339.347
Item number GRE
100 ## - MAIN ENTRY--AUTHOR NAME
Personal name Gregory, Paul R.
245 #0 - TITLE STATEMENT
Title Russian National Income, 1885-1913 /
Statement of responsibility, etc Gregory, Paul R.
260 ## - PUBLICATION, DISTRIBUTION, ETC. (IMPRINT)
Name of publisher Cambridge University Press,
Year of publication 2004
300 ## - PHYSICAL DESCRIPTION
Number of Pages 380 pages
520 ## - SUMMARY, ETC.
Summary, etc A frame of reference against which to contrast Soviet economic performance.
650 ## - SUBJECT ADDED ENTRY--TOPICAL TERM
Topical Term Business & Economics
942 ## - ADDED ENTRY ELEMENTS (KOHA)
Koha item type English Books
Holdings
Withdrawn status Lost status Damaged status Not for loan Home library Current library Shelving location Date acquired Full call number Accession Number Price effective from Koha item type
        Anna Centenary Library Anna Centenary Library 4TH FLOOR, A WING 02.03.2026 339.347 GRE 241640 02.03.2026 English Books

Find us on the map